| 000 | 01508nam a2200241 4500 | ||
|---|---|---|---|
| 001 | 5957 | ||
| 010 | _a9789720041029 | ||
| 021 | _b318207/10 | ||
| 090 | _a5957 | ||
| 100 | _a20211231d2010 m||y0pory50030103ba | ||
| 200 | 1 |
_aA montanha entre nós _fCharles Martin _gtrad. Cláudia Ramos, Helena Ramos |
|
| 210 | 9 |
_aPorto _cPorto Editora _d2010 |
|
| 215 | _a359 p. | ||
| 304 | _aTít. orig.: The mountain between us | ||
| 330 | _aBen é um médico cirurgião e Ashley é uma atraente e simpática jornalista que está a poucos dias do seu casamento. Conhecem-se na sala de embarque de um aeroporto, enquanto esperam pelo seu voo, atrasado devido ao mau tempo. Quando a viagem é cancelada, Ben aluga um avião particular para poderem regressar a casa. Durante a viagem o impensável acontece: o avião cai numa zona isolada e gelada no meio do nada. Ben e Ashley sobrevivem ao acidente. Sozinhos e feridos, têm de lutar contra as adversidades e as temperaturas negativas daquele lugar inóspito. A luta pela sobrevivência vai despertar neles os sentimentos mais sinceros e levá-los a questionar o rumo das suas vidas até então. Será que conseguem sobreviver? E se conseguirem, até que ponto esta experiência mudará os seus destinos? | ||
| 606 |
_913 _aLiteratura Estrangeira |
||
| 675 |
_a821.111(73)-31"20" _zpor |
||
| 700 |
_aMartin _bCharles _f1969- _95639 |
||
| 702 |
_aRamos _bCláudia _93476 |
||
| 702 |
_aRamos _bHelena _93148 |
||
| 801 | 0 |
_aPT _bBMVN _gRPC |
|
| 830 |
_cInês Silva _d31/12/2021 |
||
| 990 | _cLIVROS | ||